Często mylone kraje – quiz wielokrotnego wyboru - Statystyki

Ogólne statystyki
  • Ten quiz został rozwiązany 15 330 razy
  • Średni wynik to 9 z 12
Statystyki odpowiedzi
Zagadnienie Odpowiedź % Poprawnych
Które to Kosowo?
95%
Która to Łotwa?
95%
Która to Boliwia?
92%
Która to Tajlandia?
90%
Które to Haiti?
84%
Które to Eswatini?
81%
Który to Oman?
79%
Który to Surinam?
71%
Która to Rwanda?
71%
Które to Togo?
69%
Która to Nikaragua?
66%
Który to Turkmenistan?
55%
Nie znaleziono quizów pasujących do podanych kryteriów
Rozkład punktacji
Procent ludzi z każdym wynikiem
Percentyl według liczby udzielonych odpowiedzi
Twoja historia wyników
Nie rozwiązałeś tego quizu